000 00524nam a2200169 i 4500
001 89379
003 ES-MaACL
005 20230906180147.0
007 t|
008 050110s1904 fr ||||1| fre d
100 1 _aLanglois, Charles-Victor.
_970063
245 1 3 _aLa sociéte française au XIIIe siècle d'apres dix romans d'aventure /
_cCharles-Victor Langlois.
250 _a2eme ed., rev.
260 _aParis :
_b[s.n.,
_c1904] (
_eChartres :
_fDurand)
300 _aXXIII, 228 p. ;
_c18 cm.
852 _aES-MaACL
_jF-9327
999 _c89379
_d89379